Nuevos derechos y nuevas libertades en Europa

Bibliographic Details
Main Author: Hermida del Llano, Cristina
Format: Book
Language:Spanish
Published: Madrid Dykinson 2015
Subjects:
Online Access:Acceso restringido

MARC

LEADER 00000nam a22000007a 4500
005 20160704115910.0
007 cr|||| ||u|
008 160704s2015 sp ||||| |||| 00||0 spa d
020 |a 978-84-9085-560-7  
035 |a 14349 
040 |a vLex 
090 |c 6225  |d 6225 
100 1 |a Hermida del Llano, Cristina 
245 1 0 |a Nuevos derechos y nuevas libertades en Europa  |h [Recurso electrn̤ico] /  |c Cristina Hermida del Llano  
256 |a Servicio en ln̕ea 
260 |a Madrid  |b Dykinson  |c 2015 
300 |a 1 recurso electrn̤ico 
500 |a  Este libro colectivo aborda el tema de los nuevos derechos y nuevas libertades en Europa desde una vertiente marcadamente multidisciplinar, con el deseo de enriquecer los resultados alcanzados hasta la fecha en este m̀bito de estudio. En la obra se recogen contribuciones de los miembros del equipo de investigacin̤ del r̀ea de Filosofa̕ del Derecho con sede en la Universidad Rey Juan Carlos de Madrid, as ̕como de reconocidos expertos extranjeros de universidades de Austria, Alemania, Rumana̕ y Mx̌ico, resultado de la estrecha colaboracin̤ mantenida con todos ellos en el marco del proyecto de investigacin̤ “Principio de no discriminacin̤ y nuevos derechos” (DER 2011-269033- JURI), y en el del Md̤ulo Europeo “Integration and Fundamental Rights in the European Union” (Lifelong Learning Programme. Jean Monnet Programme). La variedad de perspectivas asumidas en los distintos artc̕ulos as ̕como la notoria calidad cientf̕ica de las contribuciones que se recogen en este volumen colectivo, hacen de ľ una obra de referencia ineludible para todo aquel que quiera acercarse al tema de los nuevos derechos y nuevas libertades en Europa. 
506 1 |a Contenido solo disponible en los productos indicados  |d vLex Global  |d vLex Global (Academic Edition, excluding Law Schools)  |d vLex Global (U.S. Academic Edition, Law Schools)  |d vLex Global (U.S. Academic Edition, excluding Law Schools)  |d vLex Global (Academic Edition, Law Schools) 
650 0 4 |a Derecho  |b Madrid 
740 0 |a vLex libros (servicio en ln̕ea) 
856 4 0 |u http://vlex.com/source/nuevos-derechos-y-nuevas-libertades-en-europa-14349  |z Acceso restringido 
942 |c BOOK 
999 0 |a Law  |b Madrid